000 00593nam a2200205 4500
003 OSt
005 20240716014320.0
006 a
008 240716b |||||||| |||| 00| 0 eng d
020 _a9789710388660
040 _aDWCL-Main lib.
_cOC
082 _aFil. 428 V718i 2009
100 _aAranzaso, Robert C.
245 _aImproving your writing skills /
260 _aMandaluyong City:
_bBooks Atbp. Pub. Corp.,
_cc2009.
300 _axiii,
_b295 p. ;
_c25 cm.
650 _a1. Writing.
650 _a2. English language-Composition and exercises.
942 _2ddc
_n0
_cBK - FIL
_kFil.
999 _c2224
_d2224